000 00979cab a22002415a 4500
001 L158185
008 141007e2014 xxk 000 0 eng d
035 _a(Sirsi) u158185
041 0 _aeng
110 2 _aHarper Dennis Hobbs
_96141
245 0 0 _aHarper Dennis Hobbs launch Britain's first ever vitality rankings
_h[electronic resource]
260 _c2014
490 _aHDH News Release
_v7 October 2014
520 _aRanks the UK's 500 retail centres by quality based on vitality ie the quality of their retail offer rather than by size with Westfield, Chelsea and Knightsbridge appearing in the top three places with Morecambe, Llanelli and Dudley at the bottom.
590 _aKA
650 2 4 _aRANKINGS
650 2 4 _aRETAIL
650 2 4 _aVITALITY
651 4 _aUnited Kingdom
_y
690 _aCommercial property
_96227
856 4 0 _uhttps://www.hdh.co.uk/uploads/properties/HDH_Vitality_Index.pdf
_zView the item free of charge from the www.hdh.co.uk
942 _n0
999 _c84525
_d84525